MARC

LEADER 00000nam0a2200000 4500
001 286812
005 20231101235929.0
035 |a (RuTPU)RU\TPU\book\311161 
090 |a 286812 
100 |a 20150310d1985 m y0rusy50 ca 
101 1 |a rus  |c cze 
102 |a RU 
105 |a a z 001zy 
200 1 |a Биофизическая химия  |e пер. с чеш.  |f В. Калоус, З. Павличек 
210 |a Москва  |c Мир  |d 1985 
215 |a 446 с.  |c ил. 
320 |a Библиогр. в конце гл. 
320 |a Предм. указ.: с. 429-441 
606 1 |a Биофизическая химия  |2 stltpush  |3 (RuTPU)RU\TPU\subj\28775  |9 52262 
610 1 |a биополимеры 
610 1 |a пространственное строение 
610 1 |a белки 
610 1 |a вторичная структура 
610 1 |a нуклеиновые кислоты 
610 1 |a биосинтез 
610 1 |a электролиты 
610 1 |a равновесие 
610 1 |a транспортные явления 
610 1 |a термодинамика 
610 1 |a биохимические превращения 
610 1 |a кинетика 
610 1 |a ферментативные реакции 
675 |a 577.3  |v 3 
700 1 |a Калоус  |b В. 
701 1 |a Павличек  |b З. 
801 1 |a RU  |b 63413507  |c 20150310 
801 2 |a RU  |b 63413507  |c 20180111  |g RCR 
942 |c BK